000
00314nam a2200145Ia 4500
003
SGT
005
20260530141552.0
082
_a
616.07
_b
P010S
100
_a
SANT,MRINALINI
245
2
_a
A TB OF PATHOLOGY
250
_a
1ST
260
_b
NEW CENTRAL BOOK AGENCY
_a
DELHI
_c
2010
650
_a
PATHOLOGY
942
_2
ddc
_c
BK
999
_c
701
_d
701